00383nam a2200133Ia 4500008004100000020001500041082001600056100001800072245006800090260005300158300000800211650001500219650001500234140316s9999 xx 000 0 und d a8120310179 a320bLIP/GR aLipson,Leslie aGreat issues of politics : an introduction to political science aNew DelhibPrentice -Hall of India Pvt.Ltdc1996 a414 aFederalism aRevolution